Vývoj medzinárodného obchodu s vybranou komoditou bakalárska práca

Salvato in:
Dettagli Bibliografici
Autore principale: Šimová, Patrícia
Ente Autore: Podnikovohospodárska fakulta EU so sídlom v Košiciach. Katedra obchodného podnikania
Altri autori: Kopčáková, Janka, 1994-
Natura: Libro
Lingua:slovacco
Pubblicazione: Košice 2025
Tags: Aggiungi Tag
Nessun Tag, puoi essere il primo ad aggiungerne!!

MARC

LEADER 00000nbm a2200000 4500
001 0310931
005 20260203130405.0
041 0 |a slo 
044 |a SK 
245 1 0 |a Vývoj medzinárodného obchodu s vybranou komoditou  |b bakalárska práca  |c Patrícia Šimová ; školiteľ: Janka Kopčáková 
264 1 |a Košice  |c 2025 
300 |a 54 s. 
100 1 |a Šimová, Patrícia 
700 1 |a Kopčáková, Janka, 1994- 
710 2 |a Podnikovohospodárska fakulta EU so sídlom v Košiciach. Katedra obchodného podnikania